000 00463nam a2200181 a 4500
001 262
003 CO-ViMGA
008 141112s2004 ck r 000 u spa d
040 _aCO-ViMGA
_bspa
_cCO-ViMGA
082 0 4 _aTEIc
100 1 _aTeixidos, Emili
_947985
245 1 0 _aCada tigre en su jungla /
_cEmili Teixidos
250 _a6a
260 _aMadrid :
_bS.M,
_c1995
300 _a88 p : il
650 1 4 _aCUENTOS INFANTILES CATALANES
_93393
942 _2ddc
_cBK
999 _c12508
_d12508